000 00332 a2200109 4500
001 ART_11551
005 20260410161858.0
008 260409a
245 1 0 _aRegulation of externalities
100 1 _aBergstrom, Theodore C.
773 0 _tJournal of public economics
_g- Vol. 5, NÂș 1/2 (ene./feb. 1976)
_wREV11485
999 _c25632
_d25632